| 000 | 00937nam a22001937a 4500 | ||
|---|---|---|---|
| 008 | 100624t xxu||||| |||| 00| 0 eng d | ||
| 082 |
_222 _a210 _bك ا س |
||
| 100 |
_915164 _aكاستري، هنري دي |
||
| 245 |
_aالاسلام: _bخواطر وسوانح / _cتأليف هنري دي كاستري؛ ترجمه من اللغة الفرنساوية أحمد فتحي زغلول |
||
| 260 |
_aالقاهرة: _bدار الفرجاني،[1898?] _c[1898?] |
||
| 300 |
_a144 ص ؛ _c 24 سم |
||
| 500 | _aالعنوان الأصلي: L'Islam, impressions et etudes | ||
| 541 | _a ؛ علاء عبد الغني | ||
| 650 |
_913667 _aالإسلام |
||
| 650 |
_915170 _aالمسلمون |
||
| 700 |
_915165 _aزغلول، أحمد فتحي |
||
| 942 |
_2ddc _cBB |
||
| 999 |
_c14200 _d14200 |
||